| 000 | 00696nam a22002057a 4500 | ||
|---|---|---|---|
| 005 | 20251108165552.0 | ||
| 008 | 250721s1969 xx 000 0 ara d | ||
| 082 | 1 | 4 | _aم/338.272820956/محم |
| 100 | 1 |
_aشقير، محمد لبيب _eمعد |
|
| 245 | 1 | 0 | _aإتفاقيات و عقود البترول في البلاد العربية / |
| 250 | _aط2 | ||
| 264 | 1 |
_aالقاهره : _bجامعة الدول العربية - معهد البحوث و الدراسات العربية، _c1969. |
|
| 300 | _a2ج | ||
| 650 | 1 | 7 | _aالبترول |
| 650 | 1 | 7 | _aالبلدان العربية |
| 650 | 1 | 7 | _aالإقتصاد |
| 700 | 1 | _aذهب، صاحب | |
| 942 |
_2ddc _cREF |
||
| 999 |
_c30984 _d30984 |
||